000 00327nam a22001457a 4500
008 210305b ||||| |||| 00| 0 eng d
020 _a9780205848294
041 _aeng
080 _210th
_a159.9
082 _a159.9
100 _a48
101 _aPSI
245 _aUnderstanding Psychology
_cMorris, CH. G
942 _2udc
_cBK
999 _c55850
_d55850